| 000 | 00655nam a2200229Ia 4500 | ||
|---|---|---|---|
| 003 | OSt | ||
| 005 | 20230522111632.0 | ||
| 008 | 210423s2013 xx 000 0 und d | ||
| 020 | _a978-0-07-099256-6 | ||
| 040 | _cAL | ||
| 041 | _aeng | ||
| 082 |
_a515.352 CODT _223 |
||
| 100 |
_aCODDINGTON (Earl A);LEVINSON (Norman). _9105486 |
||
| 245 | _aTheory of ordinary differential equations. | ||
| 260 |
_aNew Delhi _bTata McGraw-hill _c2013 |
||
| 300 |
_axii,429 _bPB |
||
| 365 |
_b430 _cINR |
||
| 650 |
_aDifferential Equations _9105487 |
||
| 650 |
_aMathematics _9105488 |
||
| 906 | _adifferential ; equations. ; ordinary ; Theory | ||
| 942 |
_2ddc _cBK |
||
| 999 |
_c165228 _d165228 |
||